ბათუმის შოთა რუსთაველის სახელმწიფო უნივერსიტეტის ბიბლიოთეკა

Геометрия. ч.2 (ბიბ.ჩანაწერი № 48059)

000 -LEADER
fixed length control field 00946nam a2200229Ia 4500
001 - CONTROL NUMBER
control field 14939
003 - CONTROL NUMBER IDENTIFIER
control field GE_BSU
008 - FIXED-LENGTH DATA ELEMENTS--GENERAL INFORMATION
fixed length control field 181216s||||||||xx |||||||||||||| ||und||
040 ## - CATALOGING SOURCE
Transcribing agency GE_BSU
080 ## - UNIVERSAL DECIMAL CLASSIFICATION NUMBER
Universal Decimal Classification number 514(075.8)
100 ## - MAIN ENTRY--PERSONAL NAME
Personal name Базылев, В.Т. Дуничев,К.И.
245 ## - TITLE STATEMENT
Title Геометрия. ч.2
245 ## - TITLE STATEMENT
Remainder of title Проективное пространство и методы изображении. Элементы топологии. Линии и поверхности в евклидовом пространстве
260 ## - PUBLICATION, DISTRIBUTION, ETC.
Place of publication, distribution, etc. Москва
260 ## - PUBLICATION, DISTRIBUTION, ETC.
Name of publisher, distributor, etc. Просвещение.
260 ## - PUBLICATION, DISTRIBUTION, ETC.
Date of publication, distribution, etc. 1975
300 ## - PHYSICAL DESCRIPTION
Extent 366стр.22см.
653 ## - INDEX TERM--UNCONTROLLED
Uncontrolled term Геометрия.
653 ## - INDEX TERM--UNCONTROLLED
Uncontrolled term Проективное пространство и методы изображении.
653 ## - INDEX TERM--UNCONTROLLED
Uncontrolled term Элементы топологии. Линии и поверхности в евклидовом пространстве
942 ## - ADDED ENTRY ELEMENTS (KOHA)
Koha item type წიგნი
ეგზემპლარები
Withdrawn status Lost status Damaged status Not for loan Date acquired Barcode Date last seen Price effective from Koha item type
        2018-12-17 15581 2018-12-17 2018-12-17 წიგნი
        2018-12-17 17039 2018-12-17 2018-12-17 წიგნი
        2018-12-17 17040 2018-12-17 2018-12-17 წიგნი